Quizzes
Events
Quiz Creation
Community
Videos
Private Events
Remove Ads
Sign In
Join for FREE
Feedback
Dark Mode
Quiz Categories
Sports
Geography
Music
Movies
Television
Just For Fun
Miscellaneous
History
Literature
Language
Science
Gaming
Entertainment
Religion
Holiday
For Kids
Quiz Lab
Recent
Popular Today
Quiz Kudos Today
Editor Picks
Curator Picks
Quizzes by...
Day
Popularity
Type
Ratings
Length
Year
Community
Subscriptions
Recent Discussions
Orange Saloon
Badges
Playlists
Quests
Create
Leaderboards
Showdown
Live 5
Trivia Bingo
Activity
Puzzle Library
Sporcle Events
Private Events
Virtual Trivia
Globe League
Become a Host
Pub Owners
SporcleCon
Opinionation
Our Games
Videos
Blog
Mobile Apps
Partnerships
Remove Ads and Go Orange
Feedback
Literature
Harry Potter
A Song of Ice and Fire
The Hunger Games
Literary Character
Shakespeare
Book
Author
Novel
Poem
Young Adult
Children's Books
Play
Lord of the Rings
Literature
Harry Potter
A Song of Ice and Fire
The Hunger Games
Literary Character
Shakespeare
Book
Author
Novel
Poem
Young Adult
Children's Books
Play
Lord of the Rings
Random Quiz
Search Sporcle
×
Quiz Lab
Quiz Lab
Literature
Character
Type in answers that appear in a list
Type in answers that appear in a list
Classic
Best Score? Go Orange.
ASOIAF Deaths (Spoilers) Stats
Can you match the character with his or her death?
By
JoshWachtos
10m
17 Questions
244 Plays
244 Plays
244 Plays
Comments
Comments
Give Quiz Kudos
Give Quiz Kudos
-
- Ratings
hide this ad
Replay
Link that replays current quiz
Next Quiz
Link to next quiz in quiz playlist
You Got
0%
They Got
Avg Score
94%
Avg Friend Score
Upgrade to see
Score Distribution
Jump to the score distribution portion of the page
Score
0/17
Timer
10:00
0
Plays Today
Death
Character
% Correct
Beheaded
Eddard Stark
100%
Attacked By A Boar
Robert Baratheon
99.6%
Stabbed In The Heart
Robb Stark
99.2%
Pushed Through The Moon Door
Lysa Arryn
99.2%
Stabbed By A Shadow
Renly Baratheon
99.2%
Shot With A Crossbow
Tywin Lannister
99.2%
Burned By Molten Gold
Viserys Targaryen
99.2%
Throat Slit To The Bone
Catelyn Stark
98.8%
Head Crushed
Oberyn Martell
98.8%
Death
Character
% Correct
Varies In Seven Different Ways
Beric Dondarrion
98.1%
Battle Wounds
Sandor Clegane
97.1%
Infection From Cut
Khal Drogo
96.7%
Poisoned Wine
Joffrey Baratheon
95.5%
Stabbed In The Back
Aerys Targaryen
95.3%
Old Age
Maester Aemon
93.9%
Arm Severed, Then Beheaded
Arys Oakheart
88.5%
Burned Alive
Alester Florent
65.6%
Quiz Playlist
Details
Report
Send in Message
Add To Playlist
Classic:
Type in answers that appear in a list
Last Updated: Feb 16, 2017
Quiz Scoreboard
CHALLENGE
Sign Up to Join the Scoreboard
Show All
Scores
Hide
Comments
May contain spoilers
Recently Published
An Introduction to Baseball
by treessimontrees
Sports
5m
Movies - When Are They Set?
by FPL_Elf
Movies
5m
Popular People in 1961
by mucciniale
History
6m
More to Explore
Quiz From the Vault
Featured Blog Post
Where Did the Easter Bunny Come From?
hide this ad
You Might Also Like...
Tags
asoiaf
Character
death
Spoiler
Today's Top Quizzes in Literature
Browse Literature
hide this ad
Today's Top Quizzes in Character
Browse Character
Top Contributed Quizzes in Literature
1
Sneaky Slytherin Logic Puzzle
2
One Thing in Common: Literature
3
Get The Picture: Black or White Literature
4
Harry Potter Neighbourly Logic Puzzle #3
5
Weasley Family Reunion: Logic Puzzle
6
One Thing in Common: Books
7
One Thing in Common: Literature II
8
Harry Potter Neighbourly Logic Puzzle #1
9
Harry Potter Neighbourly Logic Puzzle #5
10
Harry Potter Neighbourly Logic Puzzle #6
Explore More
Trending Topics
Crossword
Anime
Kpop
NBA
Disney
Marvel
Harry Potter
Song
Soccer
WWE
Puzzle
Pokémon
The Office
NFL
Country
hide this ad
More By:
JoshWachtos
Quiz
Plays
Rating
Category
Featured
Created
ASOIAF Deaths (Spoilers)
244
2.67
Literature
May 1, 2015
Go to Creator's Profile
Score Distribution
Quiz Creator Spotlight
JoshWachtos
Follow
Send a Message
Quizzes Created
-
Created Quiz Play Count
-
More By This Creator
Popular Quizzes Today
1
Find the Countries of Europe - No Outlines Minefield
2
Find the US States - No Outlines Minefield
3
The Countries of the World
4
Popular People in 1961
5
US States
6
1-10 Letter E Words III
7
Find the US States
8
One Thing in Common: World Cities II
More Literature Quizzes
Dune Dictionary
Curator's Pick
Trending Quizzes
Risky Map Clicking: Least Populous States A-Z
1-10 Letter F Words
1-10 Letter G Words
One Thing in Common: United Kingdom
Risky Map Clicking: Next State Alphabetically
Recently Updated
Leaping Animals
pecheneg
Reality TV Shows (A-Z)
bhenderson79
Rickey Henderson's Hall of Fame Teammates
pecheneg
Champions League XIs: Arsenal
pecheneg
Quick Pick: Celebrities in WWE's Hall of Fame
aduchscher
A-Z Keypad Blitz II
pecheneg
Multiple Oscar Actors
pecheneg
Mystery Phrase Blitz: Oscar 'Best Actors'
pecheneg
F. Scott Fitzgerald Novels
LTH
Pick 3 Villains
ddd62291
Trending Topics
Anime
Crossword
NBA
Marvel
Disney
Kpop
Harry Potter
Country
Puzzle
Song
WWE
Soccer
The Office
NFL
Pokémon
Your Account Isn't Verified!
In order to create a playlist on Sporcle, you need to verify the email address you used during registration. Go to your
Sporcle Settings
to finish the process.
Report this User
Report this user for behavior that violates our
Community Guidelines
.
Details:
Send Report
Go to the Sporcle.com Mobile Site →
Comments